Sports Quiz

Random Sports or Baseball Quiz

MLB Stat Abbreviations Quiz Stats

 Plays Quiz Updated Aug 14, 2018

Challenge
Share
Tweet
Embed
Score 0/44 Timer 03:00
0 Plays Today
% Correct
Run
99.5%
Run
99.3%
Bat
99.2%
In
99.1%
in
99%
Base
98.5%
Base
98.5%
Base
98.5%
Batted
98.2%
On
97.9%
On
97.9%
Average
97.5%
Earned
97.3%
Percentage
97.1%
Percentage
97.1%
At
95.1%
Average (on)
95%
Pitch
88.9%
Stolen
87.7%
Left
87.5%
Inning
81.9%
Hits (per)
78.4%
% Correct
Pitched
77.1%
Play
74.5%
Play
74.4%
Wild
73.5%
Walks (plus)
73.1%
Caught
71.5%
Stealing
70.9%
Wins
70.4%
Double
68.9%
Grounded
68.2%
Into
67.9%
Balls
64.4%
Slugging %
62.6%
Batting
60%
Replacement
59.1%
Above
58.2%
Plate
54.8%
Plus
53.9%
On-Base
53.8%
Appearance
52.1%
Total
48.9%
Chances
21.6%

You're not logged in!

Compare scores with friends on all Sporcle quizzes.
Join for Free
OR
Log In

You Might Also Like...

Show Comments

Extras

Top Quizzes Today


Score Distribution

Your Account Isn't Verified!

In order to create a playlist on Sporcle, you need to verify the email address you used during registration. Go to your Sporcle Settings to finish the process.

Report this User

Report this user for behavior that violates our Community Guidelines.

Details: